[Event "Witney op U170 6th"]
[Site "Witney"]
[Date "2018.11.04"]
[Round "4"]
[White "Britnell, Matthew J"]
[Black "Homer, Neil S"]
[Result "1/2-1/2"]
[WhiteElo "1729"]
[BlackElo "1737"]
[PlyCount "59"]
[EventDate "2018.11.03"]
[EventType "swiss"]
[EventRounds "5"]
[EventCountry "ENG"]
[SourceTitle "CBM 187 Extra"]
[Source "ChessBase"]
[SourceDate "2018.11.04"]
[SourceVersion "1"]
[SourceVersionDate "2018.11.04"]
[SourceQuality "1"]

1. e4 c6 2. d4 d5 3. Nd2 dxe4 4. Nxe4 Bf5 5. Ng3 Bg6 6. h4 h6 7. Nf3 Nd7 8. h5 Bh7 9. Bd3 Bxd3 10. Qxd3 e6 11. Bd2 Ngf6 12. 0-0-0 Be7 13. Kb1 0-0 14. Ne4 Nxe4 15. Qxe4 Nf6 16. Qe2 Qd5 17. Be3 b5 18. Ne5 Ne4 19. Bf4 Bg5 20. Bxg5 Nxg5 21. f3 a5 22. Rhe1 a4 23. f4 Nh7 24. g4 f6 25. Nd3 Rfe8 26. Qf2 Rad8 27. Nc5 e5 28. c3 exf4 29. Qxf4 Ng5 30. Re3 1/2-1/2

[Event "GBR-ch U1900 op 104th"]
[Site "Llandudno"]
[Date "2017.08.02"]
[Round "3"]
[White "Paul, Nathanael"]
[Black "Britnell, Matthew J"]
[Result "1-0"]
[WhiteElo "1871"]
[BlackElo "1817"]
[PlyCount "85"]
[EventDate "2017.07.31"]
[EventType "swiss"]
[EventRounds "5"]
[EventCountry "WLS"]
[SourceTitle "EXT 2019"]
[Source "ChessBase"]
[SourceDate "2018.10.10"]
[SourceVersion "1"]
[SourceVersionDate "2018.10.10"]
[SourceQuality "1"]

1. e4 e6 2. d4 d5 3. Nc3 Bb4 4. exd5 exd5 5. a3 Bxc3+ 6. bxc3 Bf5 7. Nf3 Nf6 8. Bg5 c6 9. Bd3 Qe7+ 10. Qe2 Qxe2+ 11. Kxe2 Ne4 12. Bd2 Nd7 13. Nh4 Bg4+ 14. f3 Nxd2 15. Kxd2 Be6 16. Rhb1 g5 17. Nf5 Bxf5 18. Bxf5 Nb6 19. Bd3 0-0 20. a4 Rab8 21. a5 Nd7 22. Ra2 Rfe8 23. c4 dxc4 24. Bxc4 Re7 25. Bd3 Nf6 26. Rab2 Rd7 27. c3 Ne8 28. g4 h6 29. Ba6 Nd6 30. Kd3 c5 31. d5 Kf8 32. c4 Re7 33. Bb5 f5 34. gxf5 Nxf5 35. Re2 Rxe2 36. Kxe2 Nd4+ 37. Kf2 Nxb5 38. Rxb5 b6 39. Rb1 Rb7 40. Kg3 b5 41. Rxb5 Rxb5 42. cxb5 Ke7 43. b6 1-0